00481 2200193 4500001002100000005001500021008004100036020001800077035001900095041000700114082001100121090001700132100001500149245002400164260002600188300003200214500001100246650003000257INLIS00000000000330120241224112710241224||||||||| | ||| |||| || |  a979-24-5693-7 0010-1224003301 aid0 a920.71 a920.71 AGU o0 aAgus Salim00aOto Iskandar Dinata aBandungbNuansac2010 a21x14,5 cm, 68 hlm.; ilus.: aCet. 1 0aIlmu Sejarah dan Biografi